Visualizzazione normale
Vista MARC
- Ignacio Ellacurìa
di Personal Name
Records bibliografici associati: 1
001 - CONTROL NUMBER
- control field: 35132
003 - CONTROL NUMBER IDENTIFIER
- control field: IT-RoPau
005 - DATE AND TIME OF LATEST TRANSACTION
- control field: 20150703223504.0
008 - FIXED-LENGTH DATA ELEMENTS
- fixed length control field: 150703|| aca||aabn | a|a d
040 ## - CATALOGING SOURCE
- Original cataloging agency: IT-RoPau
- Transcribing agency: IT-RoPau
100 ## - HEADING--PERSONAL NAME
- Personal name: Ignacio Ellacurìa
670 ## - SOURCE DATA FOUND
- Source citation: Work cat.: (IT-RoPau)23094: Ignacio Ellacurìa, Conversione della Chiesa al regno di Dio. Per annunciarlo e realizzarlo n/ storia.